000 01375nam2a2200301 4500
001 rc\3022652
005 20110928115848.2
035 _a(NLR Aleph) 007164501
090 _a13619480
_c13619480
100 _a20110928d1941 |||y0rusy50 ca
101 0 _arus
102 _aRU
105 _ay z |||||
200 1 _aУчет производства
_fСост. доц. Мыльников С.В., Шпензер Г.И.
_gРед. проф. Блатов Н.А.
210 _d1941
215 _a48 с.
300 _aНа обл. только загл. темы: Учет производства
320 _aБиблиогр.: с. 47
461 0 _1001rc\3022651
_12001#$aМетодическое письмо (конспект) по курсу "Основные вопросы экономики предприятий электропромышленности"$eТема III-$fЛенингр. ин-т повышения квалификации ИТР НКЭП, Кафедра "Экономика и организация производства"$vТема 3
512 0 0 _aУчет производства
702 1 _aМыльников
_bС. В.
_4220
702 1 _aШпензер
_bГ. И.
_4220
702 1 _aБлатов
_bН. А.
_4340
801 0 _aRU
_bNLR
_gpsbo
801 1 _aRU
_bELAR
_2rusmarc
852 _aNLR
_jЭк40 Г-6/71(3)
942 _cBOOK
980 _aNB